| 000 | 00793naa a2200205 4500 | ||
|---|---|---|---|
| 001 | 216219529 | ||
| 003 | UA-OsUOA | ||
| 005 | 20201028154051.0 | ||
| 008 | 201028b un ||||| |||| 00| 0 ukr d | ||
| 040 |
_aUA-OsUOA _bukr _cUA-OsUOA _dUA-OsUOA |
||
| 041 | _aukr | ||
| 080 | _a908 | ||
| 090 | _a908 | ||
| 100 | _aГоробець В. | ||
| 245 |
_aЖиття праведне і грішне Анни-Алоїзи Острозької-Ходкевич _cВіктор Горобець |
||
| 300 | _aС. 56–63 | ||
| 650 | _2UDC | ||
| 773 | 0 |
_0325511 _9346099 _dК. АЗАТ "Українська прес група" 2004 _o94964 _tВійни і мир, або "Українці - поляки: брати/вороги, сусіди..." _w(UA-OsUOA) 39366 _z966-8152-04-2 |
|
| 942 |
_2udc _cBKA |
||
| 999 |
_c463670 _d463670 |
||